Normal view
MARC view
- Cap. Babar OD 31
Entry Personal Name
001 - CONTROL NUMBER
- control field: 47939
003 - CONTROL NUMBER IDENTIFIER
- control field: NUST
005 - DATE AND TIME OF LATEST TRANSACTION
- control field: 20210314133933.0
008 - FIXED-LENGTH DATA ELEMENTS
- fixed length control field: 210314|| aca||aabn | a|a d
040 ## - CATALOGING SOURCE
- Original cataloging agency: NUST
- Transcribing agency: NUST
100 ## - HEADING--PERSONAL NAME
- Personal name: Cap. Babar OD 31
670 ## - SOURCE DATA FOUND
- Source citation: Work cat.: (NUST): Cap. Babar OD 31, Computer engineering planing data , 18/4/2001
